دليل التخصصات في مؤسسات التعليم العالي في المملكة العربية السعودية العام الدراسي 1432/1433هــ / (Record no. 4054)
[ view plain ]
| 000 -LEADER | |
|---|---|
| fixed length control field | 01017nam a2200193 ar4500 |
| 001 - CONTROL NUMBER | |
| control field | 4056 |
| 005 - DATE AND TIME OF LATEST TRANSACTION | |
| control field | 20221127090853.0 |
| 008 - FIXED-LENGTH DATA ELEMENTS--GENERAL INFORMATION | |
| fixed length control field | 141225s su a r o00010 ara d |
| 020 ## - INTERNATIONAL STANDARD BOOK NUMBER | |
| International Standard Book Number | 9789960170992 |
| 082 04 - DEWEY DECIMAL CLASSIFICATION NUMBER | |
| Classification number | 378.0025531 |
| Item number | س403 د ت |
| 110 1# - MAIN ENTRY--CORPORATE NAME | |
| Corporate name or jurisdiction name as entry element | السعودية. |
| Subordinate unit | وزارة التعليم العالي. |
| -- | مركز احصاءات التعليم العالي. |
| 245 10 - TITLE STATEMENT | |
| Title | دليل التخصصات في مؤسسات التعليم العالي في المملكة العربية السعودية العام الدراسي 1432/1433هــ / |
| Statement of responsibility, etc. | اصدار مركز احصاءات التعليم العالي ؛ اشراف عبدالرحمن بن سليمان العنقري. |
| 250 ## - EDITION STATEMENT | |
| Edition statement | ط. 1. |
| 260 ## - PUBLICATION, DISTRIBUTION, ETC. | |
| Place of publication, distribution, etc. | الرياض : |
| Name of publisher, distributor, etc. | وزارة التعليم العالي، |
| Date of publication, distribution, etc. | 2012. |
| 300 ## - PHYSICAL DESCRIPTION | |
| Extent | 318 ص. : |
| Other physical details | ايض. ؛ |
| Dimensions | 25 سم. |
| 650 #4 - SUBJECT ADDED ENTRY--TOPICAL TERM | |
| Topical term or geographic name entry element | التعليم العالي |
| Geographic subdivision | السعودية |
| Form subdivision | ادلة. |
| 650 #4 - SUBJECT ADDED ENTRY--TOPICAL TERM | |
| Topical term or geographic name entry element | التعليم العالي |
| Form subdivision | ادلة. |
| 700 0# - ADDED ENTRY--PERSONAL NAME | |
| Personal name | العنقري، عبدالرحمن بن سليمان. |
| Withdrawn status | Lost status | Source of classification or shelving scheme | Damaged status | Not for loan | Home library | Current library | Date acquired | Total Checkouts | Full call number | Barcode | Date last seen | Copy number | Price effective from | Koha item type |
|---|---|---|---|---|---|---|---|---|---|---|---|---|---|---|
| CENTRAL | CENTRAL | 11/27/2022 | 378.0025531 س403 د ت | 10000000012621 | 11/27/2022 | C1 | 11/27/2022 | Reference |
